Statystyki dla Miasta województwa zachodniopomorskiego A-Z

Kliknij tutaj aby rozwiązać quiz!

Ogólne statystyki

  • Ten quiz został rozwiązany 47 razy
  • Średni wynik to 12 z 17

Statystyki odpowiedzi

HintOdpowiedź% Poprawnych
SSianów | Sławno | Stargard | +4
95%
KKalisz Pomorski | Kamień Pomorski | Karlino | +2
93%
ŚŚwidwin | Świnoujście
88%
DDarłowo | Dębno | Dobra | +4
86%
GGolczewo | Goleniów | Gościno | +2
86%
MMaszewo | Mielno | Mieszkowice | +4
86%
PPełczyce | Płoty | Polanów | +3
86%
BBarlinek | Barwice | Białogard | +3
83%
CCedynia | Chociwel | Chojna | +3
83%
WWałcz | Węgorzyno | Wolin
74%
ŁŁobez
69%
TTrzcińsko-Zdrój | Trzebiatów | Tuczno | +1
60%
RRecz | Resko
57%
NNowe Warpno | Nowogard
55%
IIńsko
50%
ZZłocieniec
45%
LLipiany
29%

Rozkład punktacji

Percentyl według liczby udzielonych odpowiedzi

Procent ludzi z każdym wynikiem

Twoja historia wyników

Nie rozwiązałeś tego quizu